| 000 | 00560cam a22002053a 4500 | ||
|---|---|---|---|
| 001 | 39604 | ||
| 003 | PGUSA | ||
| 005 | 20140828083859.0 | ||
| 008 | 120503s2012||||xxu|||||s|||||000 | eng d | ||
| 040 |
_aPGUSA _beng |
||
| 042 | _adc | ||
| 100 | 1 |
_aBateman, H. M., _d1887-1970 |
|
| 245 | 1 | 0 |
_aBurlesques _h[electronic resource] / _cH. M. Bateman |
| 260 |
_bProject Gutenberg, _c2012 |
||
| 506 | _aPublic domain in the USA. | ||
| 516 | _aElectronic text | ||
| 830 | 0 |
_aProject Gutenberg _v39604 |
|
| 856 | 4 | 0 | _uhttp://www.gutenberg.org/ebooks/39604 |
| 942 | _cEB | ||
| 999 |
_c268857 _d268857 |
||